000 00502nam a2200181Ia 4500
005 20250326141656.0
008 250326s9999 xx 000 0 und d
037 _aTextbook
040 _aFMSL
_beng
_cFMSL
041 _aeng
_2eng
084 _aX:9.44 M9
_qFMSL
100 _aAshok Kumar
245 0 _aManpower planning in India
_cAshok Kumar; Mamgain R P
260 _aNew Delhi
_bNew Delhi, Criterian
_c1989
300 _a200p
942 _cTB
_hX:9.44 M9
999 _c1291440
_d1291440